Energy statistics of non-OECD countries 2003-2004: statistiques de l'énergie des pays non-membres

保存先:
書誌詳細
共著者: OECD (著者), Organisation for Economic Co-Operation and Development (著者), International Energy Agency (著者)
フォーマット: 図書
言語:英語
出版事項: París OCDE 2006
主題:
タグ: タグ追加
タグなし, このレコードへの初めてのタグを付けませんか!

MARC

LEADER 00000nam a2200000 a 4500
001 UCI6948
003 CL-VaPUC
008 080530e20060000FR |||||||||||||||||eng|d
020 |a 9789264110311 
082 0 4 |a 333.79  |b OEC  |2 21 
110 2 |a OECD  |e author  |9 530033 
710 2 |a Organisation for Economic Co-Operation and Development  |e author  |9 530034 
710 2 |a International Energy Agency  |e author  |9 530035 
245 1 0 |a Energy statistics of non-OECD countries 2003-2004: statistiques de l'énergie des pays non-membres 
300 |a 673 p 
942 |c BK 
945 |d 20080530 00:00:00  |a jtorresc 
260 |a París  |b OCDE  |c 2006 
650 0 |a Energía   |9 259431 
650 0 |a Fuentes de energía  |9 263042 
650 0 |a Análisis estadístico  |9 269506 
583 |a last modification  |c 20080530 00:00:00  |k Rodrigo Vera 
999 |c 330381  |d 330379 
952 |0 0  |1 0  |4 0  |6 333_790000000000000_OEC_2006  |7 0  |8 A  |9 415884  |a BIBGIM  |b BIBGIM  |d 2019-11-22  |i 444423K  |o 333.79 OEC 2006  |p 444423K  |r 2025-01-15  |w 2019-11-22  |y BK  |k OCD